| 000 | 00616nam a2200205Ia 4500 | ||
|---|---|---|---|
| 001 | 64082 | ||
| 008 | 191128n ii |||gr||||Z||||||465 | ||
| 020 | _a9780195699180 | ||
| 082 | _a659.2 | ||
| 100 | _aSachdeva, Iqbal S. . | ||
| 245 | 0 |
_aPublic relations : principles and practices _cBy Iqbal S. Sachdeva _hTextual Documents |
|
| 250 | _aFirst. | ||
| 260 |
_aNew Delhi _bOxford Universsity Press _c2009. |
||
| 300 |
_aXvi: 568p.: _c24cm. |
||
| 653 | _aMedia -- public Relation | ||
| 653 | _aPublic relations : principles and practices | ||
| 653 | _aManagement | ||
| 653 | _aG Section -Media | ||
| 942 |
_2ddc _cBK |
||
| 999 |
_c65182 _d65182 |
||